000 00265nam a22001217a 4500
008 170613b xxu||||| |||| 00| 0 eng d
041 _aeng
080 _a32
100 _a19
101 _aSHP
245 _aVOTING A TUDY OPIONION
_cBERELSON.B.R
942 _2udc
_cBK
999 _c17179
_d17179